| 000 | 00760cam a2200265 4500 | ||
|---|---|---|---|
| 001 | 8590 | ||
| 003 | BD-RjUL | ||
| 005 | 20211208234622.0 | ||
| 008 | 140119t1965 nyu 001 0 eng d | ||
| 035 | _a(OCoLC)ocm03248193 | ||
| 035 | _a(BD-RjUL)8635 | ||
| 040 |
_aOCP _cOCP _dOCL _dEIS _dIUP _dZCU _dBD-RjUL _beng |
||
| 041 | _aeng | ||
| 082 | 0 | 4 |
_216 _a 620.2 _bBRV 1965 |
| 090 |
_aQC235 _b.B72 |
||
| 100 | 1 |
_aBraddick, H. J. J. _q(Henry John James) _925721 |
|
| 245 | 0 | 0 |
_aVibrations, waves, and diffraction / _cH.J.J. Braddick. |
| 260 |
_aNew York : _bMcGraw-Hill, _cc1965. |
||
| 300 |
_a217 p. : _billus. ; _c23 cm. |
||
| 504 | _aIncludes index. | ||
| 650 | 0 |
_aVibration. _9705 |
|
| 650 | 0 |
_aWaves. _926774 |
|
| 650 | 0 |
_aDiffraction. _926775 |
|
| 942 |
_2ddc _cBK |
||
| 999 |
_c8590 _d8590 |
||